[Event "Moscow Open 2018 AB"]
[Site "?"]
[Date "2018.02.01"]
[Round "6.3"]
[White "Frolyanov, Dmitry"]
[Black "Gaifullin, Artur"]
[Result "0-1"]
[BlackElo "2423"]
[WhiteElo "2567"]
[LiveChessVersion "1.4.8"]

1. c4 {[%clk 1:30:57]} e6 {[%clk 1:30:50]} 2. Nc3 {[%clk 1:31:13]} d5
{[%clk 1:31:15]} 3. d4 {[%clk 1:31:37]} Nf6 {[%clk 1:30:21]} 4. Nf3
{[%clk 1:31:37]} Bb4 {[%clk 1:30:23]} 5. cxd5 {[%clk 1:30:36]} exd5 6. Bg5
{[%clk 1:30:58]} h6 {[%clk 1:30:58]} 7. Bh4 {[%clk 1:30:37]} g5 {[%clk 1:25:33]}
8. Bg3 {[%clk 1:30:55]} Ne4 {[%clk 1:25:57]} 9. Nd2 Nxg3 {[%clk 1:13:44]} 10.
hxg3 {[%clk 1:27:42]} c6 {[%clk 1:14:05]} 11. e3 {[%clk 1:20:40]} Nd7
{[%clk 1:09:30]} 12. Qc2 {[%clk 1:17:42]} Be7 {[%clk 1:09:05]} 13. a3
{[%clk 1:16:34]} Nf6 {[%clk 1:02:46]} 14. Bd3 {[%clk 1:14:58]} Be6 15. Na4
{[%clk 1:10:00]} Qc7 {[%clk 0:50:06]} 16. Nc5 {[%clk 1:09:29]} Bg4
{[%clk 0:47:23]} 17. Nf3 {[%clk 1:04:35]} Bxf3 {[%clk 0:39:16]} 18. gxf3
{[%clk 1:04:56]} Bxc5 {[%clk 0:39:43]} 19. Qxc5 {[%clk 1:04:46]} Qe7
{[%clk 0:40:07]} 20. Qc2 {[%clk 1:02:08]} O-O-O {[%clk 0:39:37]} 21. O-O-O
{[%clk 1:01:50]} h5 {[%clk 0:39:52]} 22. Bf5+ {[%clk 1:00:48]} Kb8
{[%clk 0:40:11]} 23. e4 {[%clk 1:01:04]} h4 {[%clk 0:37:56]} 24. e5 Nh5
{[%clk 0:37:47]} 25. Bg4 {[%clk 0:57:09]} Ng7 {[%clk 0:37:50]} 26. Kb1
{[%clk 0:53:06]} Rdf8 {[%clk 0:36:48]} 27. gxh4 {[%clk 0:47:04]} gxh4
{[%clk 0:36:40]} 28. f4 {[%clk 0:45:47]} f5 {[%clk 0:36:45]} 29. Bh3
{[%clk 0:45:49]} Qf7 {[%clk 0:34:36]} 30. Qd2 {[%clk 0:43:27]} Ne6 31. Rc1
{[%clk 0:39:46]} Qc7 {[%clk 0:16:35]} 32. Rc3 {[%clk 0:36:00]} Qb6
{[%clk 0:17:00]} 33. Rd1 {[%clk 0:35:54]} Qb5 {[%clk 0:16:57]} 34. Ka2
{[%clk 0:34:42]} Qa4 {[%clk 0:16:09]} 35. Rb3 {[%clk 0:33:25]} Ka8
{[%clk 0:15:34]} 36. Bf1 {[%clk 0:32:38]} Rh5 {[%clk 0:12:54]} 37. Rh3
{[%clk 0:28:20]} b5 {[%clk 0:08:17]} 38. Rc3 {[%clk 0:26:32]} b4 {[%clk 0:05:01]}
39. Rb3 {[%clk 0:24:37]} Rb8 {[%clk 0:05:27]} 40. Bh3 {[%clk 0:43:37]} bxa3
{[%clk 0:31:25]} 41. Rxa3 {[%clk 0:39:07]} Qc4+ {[%clk 0:24:45]} 42. Ka1
{[%clk 0:37:59]} Rb3 {[%clk 0:22:40]} 43. Rxb3 {[%clk 0:33:51]} Qxb3
{[%clk 0:23:07]} 44. Rg1 {[%clk 0:31:16]} Qa4+ {[%clk 0:18:21]} 45. Kb1
{[%clk 0:31:38]} Qxd4 {[%clk 0:18:35]} 46. Qa5 {[%clk 0:30:37]} Qd3+
{[%clk 0:15:34]} 47. Ka1 {[%clk 0:24:13]} Rh8 {[%clk 0:13:28]} 48. Qa4
{[%clk 0:14:27]} Rc8 {[%clk 0:09:38]} 49. Rc1 {[%clk 0:12:33]} Nd4
{[%clk 0:10:02]} 50. Rc3 {[%clk 0:06:07]} Qd2 {[%clk 0:09:45]} 51. Bxf5
{[%clk 0:03:56]} Rb8 {[%clk 0:09:32]} 52. Qa3 Nxf5 53. Kb1 {[%clk 0:03:23]} Nd4
{[%clk 0:09:24]} 54. e6 {[%clk 0:03:34]} Nb5 {[%clk 0:09:48]} 0-1

[Event "Moscow Open 2018 AB"]
[Site "?"]
[Date "2018.02.01"]
[Round "6.4"]
[White "Samusenko, Maksim"]
[Black "Mozharov, Mikhail"]
[Result "1-0"]
[BlackElo "2539"]
[WhiteElo "2422"]
[LiveChessVersion "1.4.8"]

1. d4 {[%clk 1:30:52]} Nf6 {[%clk 1:29:24]} 2. Bf4 {[%clk 1:31:02]} g6
{[%clk 1:29:29]} 3. Nf3 {[%clk 1:30:34]} Bg7 {[%clk 1:29:42]} 4. e3
{[%clk 1:30:19]} d6 {[%clk 1:29:48]} 5. h3 {[%clk 1:30:00]} O-O {[%clk 1:30:09]}
6. Be2 {[%clk 1:29:27]} c5 {[%clk 1:30:17]} 7. c3 {[%clk 1:29:25]} Qb6
{[%clk 1:30:01]} 8. Qc1 {[%clk 1:22:08]} Nc6 {[%clk 1:29:03]} 9. Nbd2
{[%clk 1:19:14]} cxd4 {[%clk 1:24:47]} 10. Nc4 {[%clk 1:13:32]} Qc7
{[%clk 1:24:51]} 11. exd4 {[%clk 1:11:17]} Nd5 {[%clk 1:23:49]} 12. Bh6
{[%clk 0:55:28]} e5 {[%clk 1:23:33]} 13. O-O {[%clk 0:48:45]} Bxh6
{[%clk 1:11:52]} 14. Qxh6 {[%clk 0:49:09]} Nf4 {[%clk 1:11:56]} 15. Rfe1
{[%clk 0:46:21]} f6 {[%clk 1:11:36]} 16. Bf1 {[%clk 0:39:10]} Be6
{[%clk 1:07:15]} 17. Ne3 {[%clk 0:33:02]} Nd8 {[%clk 1:06:24]} 18. Qh4
{[%clk 0:29:56]} Qg7 {[%clk 1:01:27]} 19. Nd2 {[%clk 0:28:10]} Nf7
{[%clk 0:59:21]} 20. Qg3 {[%clk 0:26:21]} Rad8 {[%clk 0:52:52]} 21. Rad1
{[%clk 0:25:22]} f5 {[%clk 0:48:34]} 22. dxe5 {[%clk 0:22:13]} dxe5
{[%clk 0:48:50]} 23. Nec4 {[%clk 0:21:26]} g5 {[%clk 0:44:28]} 24. Qe3
{[%clk 0:19:37]} e4 {[%clk 0:43:53]} 25. Nb3 {[%clk 0:16:54]} b5 {[%clk 0:33:13]}
26. Nca5 {[%clk 0:16:56]} Ne5 {[%clk 0:30:16]} 27. Rxd8 {[%clk 0:16:33]} Rxd8
{[%clk 0:30:41]} 28. Nd4 {[%clk 0:16:54]} Bd7 {[%clk 0:28:46]} 29. Nb7
{[%clk 0:14:08]} Rb8 {[%clk 0:18:17]} 30. Nc5 {[%clk 0:12:41]} h6
{[%clk 0:16:27]} 31. Rd1 {[%clk 0:09:58]} Qf7 {[%clk 0:15:14]} 32. Ne2
{[%clk 0:06:53]} Nxe2+ {[%clk 0:08:36]} 33. Bxe2 {[%clk 0:07:21]} Bc6
{[%clk 0:08:35]} 34. Rd6 {[%clk 0:06:42]} Kh7 {[%clk 0:04:05]} 35. h4
{[%clk 0:04:48]} Rg8 {[%clk 0:03:27]} 36. Re6 {[%clk 0:03:45]} Re8
{[%clk 0:01:45]} 37. Rxe8 {[%clk 0:03:12]} Bxe8 {[%clk 0:01:32]} 38. hxg5
{[%clk 0:03:24]} Qxa2 {[%clk 0:00:58]} 39. Qh3 {[%clk 0:03:06]} Qf7
{[%clk 0:00:36]} 40. Qxh6+ {[%clk 0:32:47]} Kg8 {[%clk 0:31:02]} 41. Qd6
{[%clk 0:29:53]} 1-0

[Event "Moscow Open 2018 AB"]
[Site "?"]
[Date "2018.02.01"]
[Round "6.5"]
[White "Bocharov, Ivan"]
[Black "Fakhrutdinov, Timur"]
[Result "1/2-1/2"]
[BlackElo "2417"]
[WhiteElo "2534"]
[LiveChessVersion "1.4.8"]

1. e4 {[%clk 1:31:00]} e5 {[%clk 1:30:54]} 2. Nf3 {[%clk 1:31:25]} Nc6
{[%clk 1:31:19]} 3. d4 {[%clk 1:31:51]} exd4 {[%clk 1:31:38]} 4. Bc4
{[%clk 1:32:15]} Bc5 {[%clk 1:31:04]} 5. c3 {[%clk 1:26:16]} Nf6 {[%clk 1:31:14]}
6. e5 {[%clk 1:25:50]} d5 {[%clk 1:30:32]} 7. Bb5 {[%clk 1:23:49]} Ne4
{[%clk 1:30:20]} 8. cxd4 {[%clk 1:24:11]} Bb6 {[%clk 1:30:20]} 9. h3
{[%clk 1:19:37]} O-O {[%clk 1:29:27]} 10. O-O {[%clk 1:16:42]} f6
{[%clk 1:20:02]} 11. Nc3 {[%clk 1:10:20]} Bf5 {[%clk 1:05:29]} 12. Be3
{[%clk 1:06:13]} Ne7 {[%clk 1:02:07]} 13. exf6 {[%clk 1:00:37]} Nxf6
{[%clk 0:57:56]} 14. Ne5 {[%clk 0:51:24]} c6 {[%clk 0:53:35]} 15. Bd3
{[%clk 0:45:40]} Nd7 {[%clk 0:46:11]} 16. f4 {[%clk 0:44:29]} Bxd3
{[%clk 0:41:07]} 17. Qxd3 {[%clk 0:44:22]} Nf5 {[%clk 0:40:11]} 18. g4
{[%clk 0:36:33]} Nxe3 {[%clk 0:32:55]} 19. Qxe3 {[%clk 0:37:01]} Qh4
{[%clk 0:27:36]} 20. Nxd7 {[%clk 0:25:57]} Bxd4 {[%clk 0:24:06]} 21. Qxd4
{[%clk 0:26:25]} Qg3+ {[%clk 0:24:13]} 22. Kh1 {[%clk 0:26:54]} Qxh3+
{[%clk 0:21:45]} 23. Kg1 {[%clk 0:27:23]} Qxg4+ {[%clk 0:18:49]} 24. Kh1
{[%clk 0:26:43]} Qh3+ {[%clk 0:08:06]} 25. Kg1 {[%clk 0:27:09]} Qg3+
{[%clk 0:08:23]} 26. Kh1 {[%clk 0:27:38]} Rf5 {[%clk 0:07:20]} 27. Qd1
{[%clk 0:27:12]} Qh3+ {[%clk 0:06:30]} 28. Kg1 {[%clk 0:27:41]} Qg3+
{[%clk 0:06:53]} 29. Kh1 {[%clk 0:28:10]} Qh3+ {[%clk 0:04:23]} 30. Kg1
{[%clk 0:28:38]} Qg3+ {[%clk 0:04:46]} 31. Kh1 {[%clk 0:29:05]} Qh3+
{[%clk 0:04:37]} 32. Kg1 {[%clk 0:29:34]} Qg3+ {[%clk 0:04:56]} 33. Kh1
{[%clk 0:29:59]} Qh3+ {[%clk 0:05:04]} 34. Kg1 {[%clk 0:30:27]} Qg3+
{[%clk 0:05:26]} 35. Kh1 {[%clk 0:30:56]} Qh3+ {[%clk 0:05:37]} 36. Kg1
{[%clk 0:31:21]} Qg3+ {[%clk 0:06:03]} 37. Kh1 {[%clk 0:31:48]} Qh3+
{[%clk 0:05:59]} 38. Kg1 {[%clk 0:31:41]} Qg3+ {[%clk 0:06:25]} 39. Kh1
{[%clk 0:32:07]} Qh3+ {[%clk 0:06:50]} 40. Kg1 {[%clk 1:02:33]} Qg3+
{[%clk 0:37:16]} 41. Kh1 {[%clk 1:03:00]} Qh3+ {[%clk 0:36:21]} 1/2-1/2

[Event "Moscow Open 2018 AB"]
[Site "?"]
[Date "2018.02.01"]
[Round "6.6"]
[White "Dvalishvili, Pavel S."]
[Black "Lomasov, Semen"]
[Result "0-1"]
[BlackElo "2530"]
[WhiteElo "2413"]
[LiveChessVersion "1.4.8"]

1. e4 {[%clk 1:30:52]} e6 {[%clk 1:30:55]} 2. Qe2 {[%clk 1:31:11]} Be7
{[%clk 1:28:42]} 3. Nf3 {[%clk 1:31:13]} d5 {[%clk 1:28:54]} 4. d3
{[%clk 1:31:07]} Nf6 {[%clk 1:28:15]} 5. Bg5 {[%clk 1:29:12]} h6 {[%clk 1:26:19]}
6. Bh4 {[%clk 1:29:41]} O-O {[%clk 1:22:54]} 7. Nbd2 {[%clk 1:29:37]} c5
{[%clk 1:21:04]} 8. e5 {[%clk 1:29:11]} Nfd7 {[%clk 1:21:07]} 9. Bxe7
{[%clk 1:29:34]} Qxe7 {[%clk 1:21:29]} 10. g3 {[%clk 1:29:54]} Nc6
{[%clk 1:14:19]} 11. Bg2 {[%clk 1:30:18]} b6 {[%clk 1:13:02]} 12. O-O
{[%clk 1:30:05]} Ba6 {[%clk 1:11:44]} 13. Rfe1 {[%clk 1:30:00]} Rae8
{[%clk 1:08:28]} 14. c4 {[%clk 1:27:17]} f6 {[%clk 0:58:51]} 15. exf6
{[%clk 1:27:33]} Qxf6 {[%clk 0:57:54]} 16. b3 {[%clk 1:23:29]} Nb4
{[%clk 0:41:18]} 17. Red1 {[%clk 1:21:54]} Bb7 {[%clk 0:34:57]} 18. a3
{[%clk 1:17:21]} Nc6 {[%clk 0:34:51]} 19. b4 {[%clk 1:12:52]} cxb4
{[%clk 0:33:00]} 20. axb4 {[%clk 1:12:31]} a5 {[%clk 0:30:08]} 21. bxa5
{[%clk 1:11:55]} bxa5 {[%clk 0:30:27]} 22. Re1 {[%clk 1:06:42]} Nc5
{[%clk 0:25:18]} 23. Rab1 {[%clk 0:55:57]} Nb4 {[%clk 0:13:44]} 24. Ne5
{[%clk 0:55:26]} dxc4 {[%clk 0:11:47]} 25. Ndxc4 {[%clk 0:48:53]} Ba6
{[%clk 0:11:43]} 26. Qe3 {[%clk 0:38:15]} Rc8 {[%clk 0:04:08]} 27. Re2
{[%clk 0:35:00]} Nbxd3 {[%clk 0:03:36]} 28. Nxd3 {[%clk 0:33:18]} Bxc4
{[%clk 0:01:36]} 29. Nxc5 {[%clk 0:33:41]} Rxc5 {[%clk 0:01:46]} 30. Qxc5
{[%clk 0:31:38]} Bxe2 {[%clk 0:02:14]} 31. Re1 {[%clk 0:31:22]} Bc4
{[%clk 0:00:56]} 32. f4 {[%clk 0:30:31]} Qc3 {[%clk 0:01:06]} 33. Rb1
{[%clk 0:30:37]} Rd8 {[%clk 0:00:51]} 34. h4 {[%clk 0:25:50]} a4 {[%clk 0:00:41]}
35. Kh2 {[%clk 0:25:26]} a3 {[%clk 0:00:42]} 36. Rb4 {[%clk 0:25:23]} a2
{[%clk 0:00:38]} 37. Rxc4 {[%clk 0:25:52]} Qf6 {[%clk 0:00:34]} 38. Ra4
{[%clk 0:25:45]} a1=Q {[%clk 0:00:59]} 39. Rxa1 {[%clk 0:26:11]} Qxa1
{[%clk 0:01:26]} 40. h5 {[%clk 0:55:46]} Qd1 {[%clk 0:31:28]} 41. Qe5
{[%clk 0:55:53]} Qg4 {[%clk 0:25:43]} 42. Qa5 {[%clk 0:55:24]} Rc8
{[%clk 0:18:05]} 43. Qe5 {[%clk 0:54:15]} Kh8 {[%clk 0:18:00]} 44. Be4
{[%clk 0:54:19]} Rd8 {[%clk 0:12:55]} 45. Qa5 {[%clk 0:54:34]} Rb8
{[%clk 0:12:27]} 46. Qe5 {[%clk 0:54:52]} Qe2+ {[%clk 0:06:42]} 47. Kh3
{[%clk 0:55:12]} Rb4 {[%clk 0:07:05]} 0-1

[Event "Moscow Open 2018 AB"]
[Site "?"]
[Date "2018.02.01"]
[Round "6.7"]
[White "Ladva, Ottomar"]
[Black "Afanasiev, Nikita"]
[Result "0-1"]
[BlackElo "2364"]
[WhiteElo "2522"]
[LiveChessVersion "1.4.8"]

1. d4 {[%clk 1:30:58]} Nf6 {[%clk 1:30:54]} 2. Nf3 {[%clk 1:31:18]} e6
{[%clk 1:31:19]} 3. g3 {[%clk 1:31:42]} b6 {[%clk 1:31:44]} 4. Bg2
{[%clk 1:32:07]} Bb7 {[%clk 1:32:12]} 5. c4 {[%clk 1:32:13]} Bb4+
{[%clk 1:32:28]} 6. Nbd2 {[%clk 1:31:12]} O-O {[%clk 1:31:52]} 7. O-O
{[%clk 1:31:32]} a5 {[%clk 1:32:13]} 8. Qc2 {[%clk 1:26:36]} Bxd2
{[%clk 1:19:16]} 9. Qxd2 {[%clk 1:23:00]} d6 {[%clk 1:17:25]} 10. b3
{[%clk 1:22:55]} Nbd7 {[%clk 1:16:24]} 11. Bb2 {[%clk 1:22:21]} Re8
{[%clk 1:11:18]} 12. Rfd1 {[%clk 1:14:07]} Be4 {[%clk 1:05:26]} 13. a3
{[%clk 1:07:45]} h6 {[%clk 0:56:58]} 14. Bh3 {[%clk 1:01:55]} Bh7
{[%clk 0:47:47]} 15. Qc1 {[%clk 0:58:44]} Qe7 {[%clk 0:44:07]} 16. Nd2
{[%clk 0:53:53]} e5 {[%clk 0:41:28]} 17. Bg2 {[%clk 0:51:06]} Rac8
{[%clk 0:40:14]} 18. dxe5 {[%clk 0:48:32]} dxe5 {[%clk 0:35:34]} 19. Qc3
{[%clk 0:47:47]} Nc5 {[%clk 0:34:13]} 20. Bc6 {[%clk 0:46:16]} Red8
{[%clk 0:32:47]} 21. b4 {[%clk 0:44:43]} Rd6 {[%clk 0:25:38]} 22. bxc5
{[%clk 0:36:43]} Rxc6 {[%clk 0:26:02]} 23. Nf3 {[%clk 0:34:24]} Qxc5
{[%clk 0:21:21]} 24. Nxe5 {[%clk 0:27:38]} Ne4 {[%clk 0:17:08]} 25. Qf3
{[%clk 0:21:32]} Rf6 {[%clk 0:17:32]} 26. Bd4 {[%clk 0:12:52]} Rxf3
{[%clk 0:14:12]} 27. Bxc5 {[%clk 0:13:18]} Rc3 {[%clk 0:14:37]} 28. Bd4
{[%clk 0:09:39]} Rc2 {[%clk 0:14:57]} 29. f3 {[%clk 0:08:48]} Nd2
{[%clk 0:14:36]} 30. Nc6 {[%clk 0:03:19]} Re8 {[%clk 0:14:38]} 31. Be5
{[%clk 0:02:00]} Bg6 {[%clk 0:09:48]} 32. Bxc7 {[%clk 0:01:05]} Nb3
{[%clk 0:09:01]} 33. Rab1 {[%clk 0:01:21]} Rxc4 {[%clk 0:09:04]} 34. Rxb3
{[%clk 0:01:03]} Bc2 {[%clk 0:09:28]} 35. Rc1 {[%clk 0:00:36]} Bxb3
{[%clk 0:09:50]} 36. Rxc4 {[%clk 0:01:04]} Bxc4 {[%clk 0:10:16]} 37. e4
{[%clk 0:01:04]} Kh7 {[%clk 0:10:26]} 38. Bxb6 {[%clk 0:00:59]} Re6
{[%clk 0:08:15]} 39. Nxa5 {[%clk 0:01:26]} Be2 {[%clk 0:08:42]} 40. Kf2
{[%clk 0:30:46]} Bxf3 {[%clk 0:39:10]} 41. Kxf3 {[%clk 0:31:13]} Rxb6
{[%clk 0:39:34]} 42. h4 {[%clk 0:31:30]} Ra6 {[%clk 0:39:57]} 43. Nc4
{[%clk 0:31:54]} Ra4 {[%clk 0:40:25]} 44. Nd6 {[%clk 0:32:06]} Kg8
{[%clk 0:40:12]} 45. Kf4 {[%clk 0:30:39]} h5 {[%clk 0:37:29]} 46. Nf5
{[%clk 0:26:31]} g6 {[%clk 0:36:28]} 47. Ne7+ {[%clk 0:25:36]} Kg7
{[%clk 0:36:36]} 48. Nd5 {[%clk 0:24:47]} f5 {[%clk 0:35:07]} 49. Kg5
{[%clk 0:25:03]} Rxe4 {[%clk 0:35:24]} 50. Nf4 {[%clk 0:25:20]} Re3
{[%clk 0:35:49]} 51. g4 {[%clk 0:25:38]} fxg4 {[%clk 0:35:43]} 52. Nxg6
{[%clk 0:25:36]} Re6 {[%clk 0:36:07]} 0-1

[Event "Moscow Open 2018 AB"]
[Site "?"]
[Date "2018.02.01"]
[Round "6.8"]
[White "Bykov, Egor"]
[Black "Matinian, Nikita"]
[Result "0-1"]
[BlackElo "2491"]
[WhiteElo "2346"]
[LiveChessVersion "1.4.8"]

1. d4 {[%clk 1:30:57]} Nf6 {[%clk 1:30:53]} 2. c4 {[%clk 1:31:22]} g6
{[%clk 1:31:19]} 3. Nc3 {[%clk 1:31:47]} d5 {[%clk 1:31:45]} 4. Bg5
{[%clk 1:32:12]} Bg7 {[%clk 1:32:11]} 5. Bxf6 {[%clk 1:32:17]} Bxf6
{[%clk 1:32:37]} 6. cxd5 {[%clk 1:32:38]} c5 {[%clk 1:33:03]} 7. dxc6
{[%clk 1:31:12]} Nxc6 {[%clk 1:32:12]} 8. e3 {[%clk 1:30:03]} O-O
{[%clk 1:31:51]} 9. f4 {[%clk 1:18:42]} Qb6 {[%clk 1:28:13]} 10. Qd2
{[%clk 1:06:18]} Rd8 {[%clk 1:21:00]} 11. Bd3 {[%clk 0:57:14]} Nxd4
{[%clk 1:03:35]} 12. exd4 {[%clk 0:56:58]} Bxd4 {[%clk 1:03:11]} 13. Nf3
{[%clk 0:31:18]} Bg4 {[%clk 1:01:25]} 14. h3 {[%clk 0:23:51]} Bxc3
{[%clk 0:47:28]} 15. bxc3 {[%clk 0:23:44]} Bxf3 {[%clk 0:46:27]} 16. gxf3
{[%clk 0:24:08]} Rd6 {[%clk 0:46:50]} 17. O-O-O {[%clk 0:20:08]} Rc8
{[%clk 0:41:22]} 18. Rh2 {[%clk 0:08:35]} Qb4 {[%clk 0:39:37]} 19. Kc2
{[%clk 0:00:35]} Qa3 {[%clk 0:39:53]} 20. Kb1 {[%clk 0:00:33]} Rxc3
{[%clk 0:39:56]} 21. Qb2 {[%clk 0:00:31]} Rdxd3 {[%clk 0:39:05]} 0-1

[Event "Moscow Open 2018 AB"]
[Site "?"]
[Date "2018.02.01"]
[Round "6.9"]
[White "Drygalov, Andrey"]
[Black "Bryakin, Mikhail"]
[Result "1-0"]
[BlackElo "2349"]
[WhiteElo "2440"]
[LiveChessVersion "1.4.8"]

1. c4 {[%clk 1:30:58]} c6 {[%clk 1:30:42]} 2. Nf3 {[%clk 1:30:30]} d5
{[%clk 1:30:51]} 3. e3 {[%clk 1:30:56]} Nf6 {[%clk 1:31:03]} 4. Nc3
{[%clk 1:31:17]} e6 {[%clk 1:28:31]} 5. d4 {[%clk 1:31:37]} Nbd7 {[%clk 1:27:52]}
6. Qc2 {[%clk 1:32:02]} Be7 {[%clk 1:27:06]} 7. Bd3 {[%clk 1:29:16]} dxc4
{[%clk 1:25:10]} 8. Bxc4 {[%clk 1:28:48]} b5 {[%clk 1:25:13]} 9. Bd3
{[%clk 1:28:23]} Bb7 {[%clk 1:24:18]} 10. e4 {[%clk 1:26:46]} a6 {[%clk 1:21:27]}
11. e5 {[%clk 1:26:12]} Nd5 {[%clk 1:21:17]} 12. Nxd5 {[%clk 1:26:28]} cxd5
{[%clk 1:21:23]} 13. O-O {[%clk 1:26:52]} Rc8 {[%clk 1:20:35]} 14. Qe2
{[%clk 1:26:44]} Nb8 {[%clk 1:14:33]} 15. Be3 {[%clk 1:22:25]} Qb6
{[%clk 1:13:54]} 16. Nd2 {[%clk 1:13:29]} Nc6 {[%clk 1:12:22]} 17. Nb3
{[%clk 1:11:31]} Nb4 {[%clk 1:10:44]} 18. a3 {[%clk 1:07:40]} Nxd3
{[%clk 1:10:11]} 19. Qxd3 {[%clk 1:07:56]} b4 {[%clk 1:04:40]} 20. Nc5
{[%clk 1:00:11]} Bc6 {[%clk 0:55:19]} 21. Rfc1 {[%clk 0:58:02]} bxa3
{[%clk 0:53:01]} 22. bxa3 {[%clk 0:58:08]} Bb5 {[%clk 0:52:15]} 23. Qd2
{[%clk 0:57:13]} Bc4 {[%clk 0:48:38]} 24. Rab1 {[%clk 0:56:35]} Qc6
{[%clk 0:48:32]} 25. Rb2 {[%clk 0:56:05]} O-O {[%clk 0:47:26]} 26. Rcb1
{[%clk 0:55:38]} Bxc5 {[%clk 0:45:43]} 27. dxc5 {[%clk 0:55:56]} Qa4
{[%clk 0:35:48]} 28. Qc3 {[%clk 0:54:50]} Rc7 {[%clk 0:34:52]} 29. Rb4
{[%clk 0:53:25]} Qd7 {[%clk 0:34:59]} 30. Bd4 {[%clk 0:50:00]} Rfc8
{[%clk 0:34:26]} 31. h3 {[%clk 0:46:10]} h6 {[%clk 0:34:01]} 32. Qc2
{[%clk 0:45:11]} Qe7 {[%clk 0:33:00]} 33. a4 {[%clk 0:40:47]} Qd7
{[%clk 0:28:07]} 34. Rb8 {[%clk 0:39:21]} Qe8 {[%clk 0:25:24]} 35. Rxc8
{[%clk 0:39:30]} Rxc8 {[%clk 0:25:33]} 36. Rb6 {[%clk 0:38:44]} Qd7
{[%clk 0:24:20]} 37. Rd6 {[%clk 0:34:42]} Qe8 {[%clk 0:22:50]} 38. Kh2
{[%clk 0:31:45]} Kh8 {[%clk 0:17:53]} 39. Qb1 {[%clk 0:23:44]} Rb8
{[%clk 0:16:35]} 40. Rb6 {[%clk 0:53:54]} Rc8 {[%clk 0:46:38]} 41. Qb4
{[%clk 0:53:04]} Kg8 {[%clk 0:43:38]} 42. Rd6 {[%clk 0:52:14]} Kh7
{[%clk 0:40:48]} 43. Qb1+ {[%clk 0:49:25]} Kg8 {[%clk 0:40:11]} 44. Qb7
{[%clk 0:42:00]} Rb8 {[%clk 0:37:58]} 45. Qa7 {[%clk 0:38:53]} Ra8
{[%clk 0:27:26]} 46. Qb6 {[%clk 0:38:46]} Rb8 {[%clk 0:27:11]} 47. Qa5
{[%clk 0:39:03]} Qe7 {[%clk 0:23:39]} 48. c6 {[%clk 0:39:09]} Rc8
{[%clk 0:23:43]} 49. Bb6 {[%clk 0:37:38]} Qg5 {[%clk 0:22:12]} 50. Qe1
{[%clk 0:26:58]} d4 {[%clk 0:17:32]} 51. c7 {[%clk 0:16:49]} Bd5 {[%clk 0:17:49]}
52. Rd8+ {[%clk 0:16:01]} Kh7 {[%clk 0:18:18]} 53. f3 {[%clk 0:16:15]} Bb7
{[%clk 0:17:40]} 54. Rxd4 {[%clk 0:16:28]} Bd5 {[%clk 0:17:22]} 55. a5
{[%clk 0:14:05]} Qf5 {[%clk 0:17:16]} 56. Qe3 {[%clk 0:13:58]} Qc2
{[%clk 0:17:16]} 57. Qd3+ {[%clk 0:13:45]} Qxd3 {[%clk 0:17:44]} 58. Rxd3
{[%clk 0:14:08]} Kg6 {[%clk 0:18:05]} 59. g4 {[%clk 0:14:28]} f6 {[%clk 0:18:01]}
60. exf6 {[%clk 0:14:47]} gxf6 {[%clk 0:18:10]} 61. Kg3 {[%clk 0:14:23]} Kf7
{[%clk 0:18:10]} 62. f4 {[%clk 0:14:36]} Ke7 {[%clk 0:17:52]} 63. f5
{[%clk 0:14:49]} Rg8 {[%clk 0:17:27]} 64. fxe6 {[%clk 0:15:03]} Kxe6
{[%clk 0:17:55]} 65. Kf4 {[%clk 0:15:21]} Rc8 {[%clk 0:17:53]} 66. Rc3
{[%clk 0:13:36]} Kf7 {[%clk 0:17:52]} 67. Kg3 {[%clk 0:13:47]} Ke6
{[%clk 0:18:07]} 68. Be3 {[%clk 0:13:48]} h5 {[%clk 0:18:18]} 69. gxh5
{[%clk 0:13:45]} Ke5 {[%clk 0:18:36]} 70. Bf4+ {[%clk 0:13:30]} Kd4
{[%clk 0:18:45]} 71. Rc1 {[%clk 0:13:49]} Ke4 {[%clk 0:18:40]} 72. Bd6
{[%clk 0:13:42]} Kf5 {[%clk 0:18:45]} 73. Kh4 {[%clk 0:12:17]} Be4
{[%clk 0:18:57]} 74. Bh2 {[%clk 0:11:49]} Ke6 {[%clk 0:19:05]} 75. Re1
{[%clk 0:12:12]} f5 {[%clk 0:19:21]} 76. Bf4 {[%clk 0:12:23]} 1-0